00455nam a2200121Ia 4500082001200000100001800012245012500030260000900155300000900164650005800173650004200231710006000273 aRK.012; aKripa Shankar 0aIntegrated child development service programme :bA case study of selected Aganwadies in Shankargarh, Allahabad District c1982 a39p. aANGANWADIES - UTTAR PRADESH - ALLAHABAD - SHANKARGARH aINTEGRATED CHILD DEVELOPMENT SERVICES aGovind Ballabh Pant Social Science Institute, Allahabad